[Event "EU-ch Hybrid U14 Girls"]
[Site "Tornelo INT"]
[Date "2021.10.15"]
[Round "5"]
[White "Marochkina, Yaroslava"]
[Black "Gvatua, Mariam"]
[Result "1-0"]
[WhiteElo "1726"]
[BlackElo "1407"]
[PlyCount "48"]
[EventDate "2021.10.15"]
[EventType "swiss"]
[EventRounds "9"]
[EventCountry "NET"]
[SourceTitle "EXT 2023"]
[Source "ChessBase"]
[SourceDate "2022.10.05"]
[SourceVersion "1"]
[SourceVersionDate "2022.10.05"]
[SourceQuality "1"]
[WhiteTeam "Russia"]
[BlackTeam "Georgia"]
[WhiteTeamCountry "RUS"]
[BlackTeamCountry "GEO"]

1. e4 d5 2. exd5 Qxd5 3. Nf3 Nf6 4. d4 Bg4 5. Be2 e6 6. 0-0 Nc6 7. Be3 0-0-0 8. c4 Qf5 9. Nc3 h5 10. h4 Be7 11. Rb1 Qg6 12. b4 Bxb4 13. Qb3 Bxc3 14. Qxb7+ Kd7 15. Qb5 Bxf3 16. Bxf3 Ke7 17. Qxc6 Rd7 18. d5 Be5 19. dxe6 fxe6 20. Bg5 Qc2 21. Rbe1 Bd6 22. Bd5 e5 23. Be4 Qc3 24. Rc1 Kd8 1-0

[Event "EU-ch Hybrid U14 Girls"]
[Site "Tornelo INT"]
[Date "2021.10.15"]
[Round "3"]
[White "Marochkina, Yaroslava"]
[Black "Zhezhovska, Monika"]
[Result "1-0"]
[WhiteElo "1726"]
[BlackElo "1459"]
[PlyCount "57"]
[EventDate "2021.10.15"]
[EventType "swiss"]
[EventRounds "9"]
[EventCountry "NET"]
[SourceTitle "EXT 2023"]
[Source "ChessBase"]
[SourceDate "2022.10.05"]
[SourceVersion "1"]
[SourceVersionDate "2022.10.05"]
[SourceQuality "1"]
[WhiteTeam "Russia"]
[BlackTeam "Macedonia"]
[WhiteTeamCountry "RUS"]
[BlackTeamCountry "MKD"]

1. e4 c5 2. Nf3 d6 3. d4 cxd4 4. Nxd4 Nf6 5. Nc3 Nc6 6. f3 g6 7. Be3 Bg7 8. Qd2 Bd7 9. 0-0-0 Rc8 10. Kb1 a6 11. g4 b5 12. h4 Ne5 13. h5 Nc4 14. Bxc4 Rxc4 15. hxg6 fxg6 16. Bh6 Bxh6 17. Qxh6 Qb6 18. g5 Nh5 19. Nd5 Qa7 20. Rxh5 Rxd4 21. Rhh1 Rxd1+ 22. Rxd1 Kf7 23. Nxe7 Qf2 24. Nxg6 Rg8 25. Ne5+ Ke8 26. Qxd6 Rg7 27. Qb8+ Ke7 28. Rxd7+ Ke6 29. Qd6# 1-0

[Event "EU-ch Hybrid U14 Girls"]
[Site "Tornelo INT"]
[Date "2021.10.15"]
[Round "6"]
[White "Putar, Lara"]
[Black "Marochkina, Yaroslava"]
[Result "0-1"]
[WhiteElo "1896"]
[BlackElo "1726"]
[PlyCount "96"]
[EventDate "2021.10.15"]
[EventType "swiss"]
[EventRounds "9"]
[EventCountry "NET"]
[SourceTitle "EXT 2023"]
[Source "ChessBase"]
[SourceDate "2022.10.05"]
[SourceVersion "1"]
[SourceVersionDate "2022.10.05"]
[SourceQuality "1"]
[WhiteTeam "Irland"]
[BlackTeam "Russia"]
[WhiteTeamCountry "IRL"]
[BlackTeamCountry "RUS"]

1. d4 Nf6 2. c4 g6 3. Nc3 d5 4. cxd5 Nxd5 5. e4 Nxc3 6. bxc3 Bg7 7. Bc4 c5 8. Ne2 0-0 9. 0-0 Nc6 10. Be3 Bd7 11. Rb1 Qc7 12. Bf4 e5 13. Bg3 a6 14. Bd3 b5 15. d5 Na5 16. f4 c4 17. Bc2 f6 18. f5 gxf5 19. exf5 Nb7 20. Rf3 Nd6 21. Bf2 e4 22. Rf4 Bxf5 23. Nd4 Bd7 24. Qh5 f5 25. Rh4 h6 26. Be3 Rf6 27. Bf4 Be8 28. Qe2 Qe7 29. Qf2 Bd7 30. Qg3 Kh7 31. Bg5 Nf7 32. Bxf6 Bxf6 33. Rh5 Be5 34. Qh3 Bxd4+ 35. cxd4 Qf6 36. Qe3 Rg8 37. Rf1 Qg6 38. Qe2 Ng5 39. Kh1 b4 40. Rf4 Nf3 41. Rh3 Nxd4 42. Qf2 Nf3 43. gxf3 e3 44. Rxh6+ Qxh6 45. Qxe3 Qg5 46. Bxf5+ Bxf5 47. Qa7+ Rg7 48. Qxg7+ Kxg7 0-1

[Event "Wch FIDE Online U12 Girls Europe qual"]
[Site "Tornelo INT"]
[Date "2020.12.07"]
[Round "2"]
[White "Marochkina, Yaroslava"]
[Black "Zhapova, Yana"]
[Result "0-1"]
[WhiteElo "1389"]
[BlackElo "1632"]
[PlyCount "60"]
[EventDate "2020.12.07"]
[EventType "swiss (rapid)"]
[EventRounds "7"]
[EventCountry "ISS"]
[SourceTitle "EXT 2022"]
[Source "ChessBase"]
[SourceDate "2021.10.06"]
[SourceVersion "1"]
[SourceVersionDate "2021.10.06"]
[SourceQuality "1"]

1. e4 c5 2. Nf3 Nc6 3. d4 cxd4 4. Nxd4 Qb6 5. Nb3 Nf6 6. Nc3 e6 7. Be3 Qc7 8. a3 Be7 9. Be2 0-0 10. 0-0 d6 11. f4 a6 12. a4 Bd7 13. a5 Rac8 14. f5 exf5 15. exf5 Ne5 16. Bb6 Qb8 17. Qd4 Bc6 18. Qf4 Rfe8 19. Nd4 Bf8 20. g4 Nd5 21. Nxd5 Bxd5 22. b3 Nd7 23. c4 Nxb6 24. axb6 Be4 25. f6 g6 26. h4 d5 27. Qxb8 Rxb8 28. Nf3 Bc5+ 29. Kh2 Bxb6 30. cxd5 Bxd5 0-1

[Event "Wch FIDE Online U12 Girls Europe qual"]
[Site "Tornelo INT"]
[Date "2020.12.07"]
[Round "1"]
[White "Sokolova, Victoria"]
[Black "Marochkina, Yaroslava"]
[Result "0-1"]
[WhiteElo "1267"]
[BlackElo "1389"]
[PlyCount "120"]
[EventDate "2020.12.07"]
[EventType "swiss (rapid)"]
[EventRounds "7"]
[EventCountry "ISS"]
[SourceTitle "EXT 2022"]
[Source "ChessBase"]
[SourceDate "2021.10.06"]
[SourceVersion "1"]
[SourceVersionDate "2021.10.06"]
[SourceQuality "1"]

1. e4 c5 2. Nf3 e6 3. d4 cxd4 4. Nxd4 a6 5. Nc3 Qc7 6. Be3 Nf6 7. Bd3 g6 8. 0-0 Bg7 9. Qd2 0-0 10. Bh6 Ng4 11. Bf4 Ne5 12. Bxe5 Bxe5 13. Nf3 Bg7 14. Rfe1 d6 15. h3 Nd7 16. Rab1 b6 17. Ne2 Nc5 18. b3 Bb7 19. Ng3 Rac8 20. c4 Rfd8 21. a3 Nxd3 22. Qxd3 d5 23. exd5 exd5 24. cxd5 Rxd5 25. Qc4 Qd8 26. Qe2 b5 27. Red1 Rxd1+ 28. Rxd1 Qc7 29. Re1 Bd5 30. b4 Bc4 31. Qc2 Be6 32. Qxc7 Rxc7 33. Rd1 Bb2 34. Rd3 Kf8 35. Nd2 Bc4 36. Rd8+ Ke7 37. Ra8 Bxa3 38. Rxa6 Bxb4 39. Nde4 f5 40. Ng5 h6 41. Nf3 Bd6 42. Rb6 b4 43. Nd2 Bd5 44. Rb5 Be6 45. Nf3 Bc4 46. Rb6 Bc5 47. Rxg6 b3 48. Nd2 b2 49. Nxf5+ Kd7 50. Rg7+ Kc6 51. Rxc7+ Kxc7 52. Ne3 Ba2 53. Nf5 Bb4 54. Nxh6 Bxd2 55. Nf5 b1Q+ 56. Kh2 Qxf5 57. f3 Bf4+ 58. Kg1 Bg3 59. Kf1 Qd3+ 60. Kg1 Qd1# 0-1